000 00649nam a2200229 i 4500
001 70807
003 ES-MaACL
005 20250904204917.0
007 t|
008 040803s1985 sp |||| | spa d
020 _a84-7398-335-1
245 0 0 _aComentarios a la Constitución /
_cFernando Garrido Falla ... [et al.].
250 _a2ª ed.
260 _aMadrid :
_bCivitas,
_c1985.
300 _a2503 p. ;
_c24 cm.
500 _aÍndices.
610 1 4 _aEspaña.
_tConstitución, 1978.
_93657
700 1 _aGarrido Falla, Fernando,
_d1921-2003
_955700
852 _aES-MaACL
_jL-7575
852 _aES-MaACL
_jB-4745
999 _c70807
_d70807